000 00603cam a2200229 4500
008 090401t1991 xxu||||| |||| 00| 0 eng d
020 _a063202917X
035 _a(Sirsi) u30832
041 _aeng
050 _a690.23
100 _aRaftery, John
245 _aPrinciples of building economics : an introduction
260 _aOxford
_bBSP Professional Books
_c1991
300 _axi, 211p. ; 24cm.
350 _a13.95
650 _aBUILT ENVIRONMENT-CONSTRUCTION DESIGN
650 _aBUILDING INDUSTRY
650 _aECONOMICS
650 _aOBSOLESCENCE
942 _n0
948 _c04/03/1997
999 _c89516
_d89516